Young scientists journal

Detalles Bibliográficos
Formato: Electrónico Revista
Lenguaje:inglés
Publicado: Mumbai, India : Medknow Publications and Media Pvt. Ltd.
Materias:
Acceso en línea:Full text available from Research Library: 11/01/2008 to 07/31/2016

MARC

LEADER 00000nas a2200000 a 4500
001 ssj0000393976
003 WaSeSS
005 20200512172242.0
006 m d
007 cr n
008 100722c20089999ii || p|s||||||||||0eng|d
022 |a 0975-2145 
035 |a (WaSeSS)ssj0000393976 
040 |a WaSeSS  |c WaSeSS  |d WaSeSS 
050 4 |a Q1.A3 
245 0 0 |a Young scientists journal  |h [electronic resource]. 
260 |a Mumbai, India :  |b Medknow Publications and Media Pvt. Ltd. 
310 |a Bimonthly 
362 1 |a Began with Vol. 1, issue 1 (Jan./Feb. 2008). 
506 |a License restrictions may limit access. 
588 |a Description based on: Vol. 1, issue 1 (Jan./Feb. 2008); title from volume contents page (publisher's website, viewed July 22, 2010). 
588 |a Latest issue consulted: Vol. 2, issue 7 (Jan./Feb. 2009) (viewed July 22, 2010). 
650 0 |a Science  |v Periodicals. 
650 0 |a Technology  |v Periodicals. 
655 0 |a Electronic journals. 
776 0 8 |i Also issued in print:  |t Young scientists journal  |x 0974-6102 
856 4 0 |z Full text available from Research Library: 11/01/2008 to 07/31/2016  |u https://search.proquest.com/publication/226453